| 000 | 01211nam a22003377a 4500 | ||
|---|---|---|---|
| 003 | CHAP | ||
| 005 | 20220817043032.0 | ||
| 008 | 971010s1972 r 00010 d | ||
| 010 | _a63506 | ||
| 011 | _a64478 | ||
| 035 | _a69816 | ||
| 040 | _cCHAP | ||
| 082 |
_a338.972 _bS6 |
||
| 100 | 1 |
_aSolís Manjarrez, Leopoldo. _9108445 |
|
| 245 |
_aControversias sobre el crecimiento y la distribución _b: las opiniones de economistas mexicanos acerca de la política económica |
||
| 260 |
_aMéxico, D. F. : _bFondo de Cultura Económica, _c1972 |
||
| 300 | _a230 p. | ||
| 490 | _aSección de obras de economía | ||
| 590 |
_aBATCH-UPD _b10 _c20130110 _lUCH01 _h0856 |
||
| 590 |
_aBATCH-UPD _b10 _c20130410 _lUCH01 _h0527 |
||
| 590 |
_aBATCH-UPD _b10 _c20130914 _lUCH01 _h1151 |
||
| 590 |
_aCONVERSION _b10 _c20130109 _lUCH01 _h1334 |
||
| 650 | 1 | 4 | _aDesarrollo económico. |
| 650 | 1 | 4 |
_aMéxico _xCondiciones económicas. |
| 650 | 1 | 4 |
_aPolítica económica _zMéxico. _990535 |
| 830 | 0 | _aSección de obras de economía | |
| 901 | _aBK | ||
| 942 | _cLIBRO | ||
| 949 |
_a338.972 S6 _bBC _cLIBRO _d33724000120077 _eLIBRO _fc.2 _h34368 _i69816 _si |
||
| 949 |
_a338.972 S6 _bBC _cLIBRO _d33724000120192 _eLIBRO _h34367 _i69816 _si |
||
| 999 |
_c63506 _d63506 |
||